NFL trivia 2021 - Statistics

General Stats
  • This quiz has been taken 30 times
  • The average score is 4 of 10
Answer Stats
Question Answer % Correct
How many rushing TD's did Joe Burrow have? 2
58%
What kicker had the best field goal percentage? Justin Tucker
54%
What QB led the league in INTS? Mattew Stafford and Trevor Lawrence
50%
What team gave up the least amount of yards per game? Bills
46%
Which player had the longest catch of the year? Quez Watkins
38%
What team scored the most points per game? Cowboys
31%
Who led the league in yards per catch? Deebo Samuel
31%
Who forced the most fumbles? Darius Leonard
23%
How points did that team average in the previous question? 30.4
19%
Who led the league in rushing yards per attempt? Josh Allen
12%
No matching quizzes found
Score Distribution
Percent of People with Each Score
Percentile by Number Answered
Your Score History
You have not taken this quiz